| 000 | 00729 a2200253 4500 | ||
|---|---|---|---|
| 001 | 200421957 | ||
| 999 |
_c200421957 _d39065 |
||
| 003 | TR-AnTOB | ||
| 005 | 20210130184239.0 | ||
| 008 | 160226b tu 000 0 | ||
| 041 | _atur | ||
| 050 | 0 | 0 |
_aHJ75. _bM34 1998 |
| 090 | _aHJ75. M34 1998 | ||
| 245 | 1 | 0 |
_a1999 mali yılı bütçe gerekçesi _chaz. Maliye Bakanlığı. |
| 264 |
_aAnkara : _bMaliye Bakanlığı, _c1998 |
||
| 300 |
_a109 p. _btabl. _c23 cm. |
||
| 336 |
_atext _2rdacontent |
||
| 337 |
_aunmediated _2rdamedia |
||
| 338 |
_avolume _2rdacarrier |
||
| 650 | 0 | 0 |
_aBudget _zTurkey _vStatistics _934550 |
| 650 | 0 | 0 |
_aBütçe _zTürkiye _vİstatistikler _952854 |
| 710 |
_aTürkiye. _bMaliye Bakanlığı _945860 |
||
| 942 | _cBK | ||